[Event "Gatineau Pentes U1600"]
[Site "Gatineau"]
[Date "2019.02.26"]
[Round "5"]
[White "Fang, Zhou"]
[Black "Berthiaume, Serge"]
[Result "1-0"]
[WhiteElo "1242"]
[BlackElo "1456"]
[PlyCount "89"]
[EventDate "2019.01.22"]
[EventType "swiss"]
[EventRounds "5"]
[EventCountry "CAN"]
[SourceTitle "EXT 2022"]
[Source "ChessBase"]
[SourceDate "2021.10.06"]
[SourceVersion "1"]
[SourceVersionDate "2021.10.06"]
[SourceQuality "1"]

1. e4 Nc6 2. Nf3 d6 3. Bc4 Bg4 4. h3 Bxf3 5. Qxf3 Ne5 6. Qb3 Nxc4 7. Qxc4 Nf6 8. Nc3 a6 9. d3 g6 10. Be3 Bg7 11. 0-0 0-0 12. f4 c5 13. a4 Nd7 14. Qd5 Qc7 15. a5 b5 16. Qg5 f6 17. Qd5+ Kh8 18. f5 g5 19. Qe6 Ne5 20. Nd5 Qb7 21. Qxe7 Qxe7 22. Nxe7 Ra7 23. Nd5 Nc6 24. b4 Nd4 25. Bxd4 cxd4 26. Rac1 Bh6 27. g4 Rc8 28. Nxf6 Rc3 29. Nd5 Ra3 30. Ra1 Rxa1 31. Rxa1 Bg7 32. f6 Bf8 33. Rc1 h5 34. c3 hxg4 35. hxg4 Rh7 36. Kg2 Rh4 37. Rh1 Kg8 38. Rxh4 gxh4 39. Kh3 Kf7 40. cxd4 Bh6 41. Kxh4 Bc1 42. Kh5 Bb2 43. g5 Bxd4 44. g6+ Kg8 45. Ne7+ 1-0

[Event "Gatineau Rentree Hull U1500"]
[Site "Gatineau"]
[Date "2018.09.18"]
[Round "2"]
[White "Sabourin, Yves"]
[Black "Berthiaume, Serge"]
[Result "1-0"]
[WhiteElo "1498"]
[BlackElo "1572"]
[PlyCount "55"]
[EventDate "2018.09.11"]
[EventType "swiss"]
[EventRounds "5"]
[EventCountry "CAN"]
[SourceTitle "EXT 2022"]
[Source "ChessBase"]
[SourceDate "2021.10.06"]
[SourceVersion "1"]
[SourceVersionDate "2021.10.06"]
[SourceQuality "1"]

1. e4 Nc6 2. d4 d5 3. e5 Bf5 4. Nf3 e6 5. c3 Be7 6. Bb5 a6 7. Bd3 Bg4 8. Be3 f6 9. Bf4 fxe5 10. Bxe5 Nxe5 11. dxe5 c5 12. Qa4+ Qd7 13. Qxg4 g6 14. Nbd2 0-0-0 15. Bc2 d4 16. cxd4 cxd4 17. Bb3 Kb8 18. 0-0 Bc5 19. Bxe6 Qe7 20. Qh4 Qc7 21. Rac1 Qb6 22. Rxc5 Qxc5 23. Qxd8+ Ka7 24. Qxd4 Qxd4 25. Nxd4 Ne7 26. Rc1 Rd8 27. N2f3 Nc6 28. Rxc6 1-0

[Event "Outaouais-ch Reserves"]
[Site "Gatineau"]
[Date "2018.05.01"]
[Round "5"]
[White "Berthiaume, Serge"]
[Black "Danilov, Alex"]
[Result "1-0"]
[WhiteElo "1466"]
[BlackElo "1667"]
[PlyCount "71"]
[EventDate "2018.04.03"]
[EventType "swiss"]
[EventRounds "7"]
[EventCountry "CAN"]
[SourceTitle "EXT 2022"]
[Source "ChessBase"]
[SourceDate "2021.10.06"]
[SourceVersion "1"]
[SourceVersionDate "2021.10.06"]
[SourceQuality "1"]

1. e4 c5 2. Bc4 e6 3. Nc3 Nc6 4. Nf3 d6 5. d3 Be7 6. 0-0 Nf6 7. Qe1 0-0 8. a3 a6 9. Nd2 b5 10. Ba2 Bb7 11. f4 b4 12. Ne2 d5 13. e5 Ng4 14. Qg3 h5 15. h3 Nh6 16. Nf3 Nf5 17. Qe1 d4 18. Ng3 Ne3 19. Bxe3 dxe3 20. Qxe3 Nd4 21. Nxd4 cxd4 22. Qe2 h4 23. Ne4 Rc8 24. axb4 Bxb4 25. Ng5 Bd5 26. Qh5 Re8 27. Qh7+ Kf8 28. Qh8+ Ke7 29. Qxg7 Rf8 30. Bxd5 Qxd5 31. Rxa6 Rxc2 32. Nh7 Ke8 33. Nxf8 Bxf8 34. Qg8 Qb7 35. Rfa1 Rc7 36. Ra7 1-0

[Event "Outaouais-ch Reserves"]
[Site "Gatineau"]
[Date "2018.04.10"]
[Round "2"]
[White "Berthiaume, Serge"]
[Black "Rioux, Jocelyn"]
[Result "0-1"]
[WhiteElo "1466"]
[BlackElo "1617"]
[PlyCount "56"]
[EventDate "2018.04.03"]
[EventType "swiss"]
[EventRounds "7"]
[EventCountry "CAN"]
[SourceTitle "EXT 2022"]
[Source "ChessBase"]
[SourceDate "2021.10.06"]
[SourceVersion "1"]
[SourceVersionDate "2021.10.06"]
[SourceQuality "1"]

1. e4 e6 2. d4 d5 3. e5 c5 4. c3 Nc6 5. Be3 Qb6 6. Qc2 cxd4 7. cxd4 Bd7 8. Nf3 Rc8 9. Bd3 Nb4 10. Qb3 Nxd3+ 11. Qxd3 Qxb2 12. 0-0 Bb5 13. Qb3 Qxb3 14. axb3 Bxf1 15. Kxf1 a6 16. Ke2 Ne7 17. Bd2 Nc6 18. Nc3 Bb4 19. Ra4 Bxc3 20. Bxc3 Nxe5 21. Nxe5 Rxc3 22. Ra3 f6 23. Nd3 Ke7 24. Nc5 e5 25. Na4 Rc2+ 26. Ke3 exd4+ 27. Kxd4 Kd6 28. b4 Rc4+ 0-1

[Event "Gatineau Automne"]
[Site "Gatineau"]
[Date "2017.11.14"]
[Round "3"]
[White "Berthiaume, Serge"]
[Black "Jobin, Gilles G"]
[Result "0-1"]
[WhiteElo "1431"]
[BlackElo "1792"]
[PlyCount "70"]
[EventDate "2017.10.31"]
[EventType "swiss"]
[EventRounds "5"]
[EventCountry "CAN"]
[SourceTitle "EXT 2022"]
[Source "ChessBase"]
[SourceDate "2021.10.06"]
[SourceVersion "1"]
[SourceVersionDate "2021.10.06"]
[SourceQuality "1"]

1. c4 d6 2. Nc3 e5 3. g3 f5 4. d3 Nf6 5. Bg2 c6 6. b4 d5 7. cxd5 Bxb4 8. Qb3 Nxd5 9. Bd2 Bxc3 10. Bxc3 Nxc3 11. Qxc3 Qf6 12. e4 Be6 13. Qb4 Nd7 14. Ne2 c5 15. Qxb7 0-0 16. 0-0 f4 17. Nc3 f3 18. Nd5 Qf7 19. Bh1 Rab8 20. Qc6 Bxd5 21. exd5 Rb6 22. Qa4 Qxd5 23. Qg4 Rb4 24. Qh5 g6 25. Qg5 Rd4 26. Rad1 Rf5 27. Qd8+ Kg7 28. Qa5 Rxd3 29. Rde1 Qb7 30. Rb1 Qd5 31. Ra1 Rf7 32. Qxa7 Nf6 33. Qa4 Ne4 34. Rad1 Nc3 35. Rxd3 Ne2# 0-1

[Event "Gatineau Pere Noel-B"]
[Site "Gatineau"]
[Date "2017.01.10"]
[Round "3"]
[White "Rioux, Jocelyn"]
[Black "Berthiaume, Serge"]
[Result "1-0"]
[WhiteElo "1466"]
[BlackElo "1445"]
[PlyCount "59"]
[EventDate "2016.12.06"]
[EventType "swiss"]
[EventRounds "5"]
[EventCountry "CAN"]
[SourceTitle "EXT 2022"]
[Source "ChessBase"]
[SourceDate "2021.10.06"]
[SourceVersion "1"]
[SourceVersionDate "2021.10.06"]
[SourceQuality "1"]

1. e4 c5 2. Nf3 Nc6 3. d4 cxd4 4. Nxd4 g6 5. Nc3 Bg7 6. Be3 Nf6 7. Qd2 Ng4 8. Nxc6 bxc6 9. Bd4 f6 10. Bc4 Ne5 11. Bb3 Ba6 12. 0-0-0 Bc4 13. Bxe5 Bxb3 14. Bxf6 Bxf6 15. axb3 Qc7 16. f4 0-0-0 17. e5 Bg7 18. Qe2 d6 19. exd6 exd6 20. Qg4+ Kb7 21. Rhe1 Rhe8 22. Ne4 Re7 23. Ng5 Rde8 24. Ne6 Qa5 25. Nxg7 Rxe1 26. Nxe8 Qa1+ 27. Kd2 Qa5+ 28. c3 Re7 29. Nxd6+ Ka6 30. Qc8+ 1-0

[Event "Outaouais-ch reserve"]
[Site "Gatineau"]
[Date "2016.04.19"]
[Round "2"]
[White "Danilov, Alex"]
[Black "Berthiaume, Serge"]
[Result "1-0"]
[WhiteElo "1763"]
[BlackElo "1462"]
[PlyCount "80"]
[EventDate "2016.04.12"]
[EventType "tourn"]
[EventRounds "7"]
[EventCountry "CAN"]
[SourceTitle "EXT 2022"]
[Source "ChessBase"]
[SourceDate "2021.10.06"]
[SourceVersion "1"]
[SourceVersionDate "2021.10.06"]
[SourceQuality "1"]

1. Nf3 c5 2. c4 Nc6 3. Nc3 g6 4. e3 Bg7 5. b3 Nf6 6. Bb2 Ne4 7. Qc2 Nxc3 8. dxc3 d6 9. Be2 Bd7 10. h4 Qc7 11. a3 a5 12. h5 e5 13. hxg6 fxg6 14. Rxh7 Bf5 15. Rxh8+ Bxh8 16. Bd3 Qh7 17. Bxf5 gxf5 18. 0-0-0 e4 19. Ng5 Qg6 20. Nh3 Be5 21. Nf4 Bxf4 22. exf4 Qh6 23. Qd2 0-0-0 24. b4 b6 25. Kb1 Qe6 26. Qd5 Qd7 27. Bc1 Kc7 28. Be3 Ne7 29. Qd2 Qa4 30. Kb2 Qd7 31. Rh1 Qe6 32. Rh7 Rd7 33. Qe2 Ng8 34. Rxd7+ Kxd7 35. Bd2 Ne7 36. f3 d5 37. cxd5 Qxd5 38. fxe4 Qxe4 39. Qxe4 fxe4 40. c4 Nf5 1-0

[Event "Gatineau Judith Polgar"]
[Site "Gatineau"]
[Date "2015.02.03"]
[Round "4"]
[White "Danilov, Alex"]
[Black "Berthiaume, Serge"]
[Result "1-0"]
[WhiteElo "1843"]
[BlackElo "1412"]
[PlyCount "113"]
[EventDate "2015.01.13"]
[EventType "swiss"]
[EventRounds "5"]
[EventCountry "CAN"]
[SourceTitle "EXT 2022"]
[Source "ChessBase"]
[SourceDate "2021.10.06"]
[SourceVersion "1"]
[SourceVersionDate "2021.10.06"]
[SourceQuality "1"]

1. Nf3 Nf6 2. c4 g6 3. b3 Bg7 4. Bb2 0-0 5. g3 c5 6. Bg2 Nc6 7. 0-0 d6 8. d3 Bd7 9. e3 Bg4 10. h3 Be6 11. Ng5 Bf5 12. e4 Bd7 13. f4 Nd4 14. Nd2 Ne8 15. Rb1 Bc6 16. Ngf3 Nc7 17. Nxd4 cxd4 18. Nf3 e5 19. fxe5 dxe5 20. Qd2 h6 21. Ba3 Re8 22. b4 a6 23. Rf2 b5 24. Rbf1 Kh7 25. Nh2 f6 26. Ng4 Rf8 27. Rxf6 Rxf6 28. Rxf6 Bxf6 29. Qxh6+ Kg8 30. Qxg6+ Kf8 31. Nxf6 Be8 32. Nh7+ Ke7 33. Qf6+ Kd7 34. Qf5+ Kc6 35. Qxe5 Qd6 36. Qxd6+ Kxd6 37. e5+ Kxe5 38. Bxa8 Nxa8 39. Ng5 bxc4 40. dxc4 Nb6 41. Kf2 Nxc4 42. Bc1 d3 43. Nf3+ Kd5 44. g4 Bg6 45. h4 Kc6 46. a4 Kd5 47. h5 Bf7 48. Kg3 Be8 49. Kf4 Bxa4 50. h6 Nd6 51. Ne5 Ne4 52. Bd2 Bc2 53. h7 Nxd2 54. h8Q Kd4 55. Nf3+ Kc4 56. Qd4+ Kb5 57. Nxd2 1-0